LEADER 02216nam0 2200529 i 450 001 VAN00126935 005 20250127031957.702 017 70$2N$a9783030269036 100 $a20200218d2019 |0itac50 ba 101 $aeng 102 $aCH 105 $a|||| ||||| 200 1 $aIntroduction to Real Analysis$fChristopher Heil 210 $aCham$cSpringer$d2019 215 $axvii, 400 p.$cill.$d24 cm 410 1$1001VAN00023579$12001 $aGraduate texts in mathematics$1210 $aNew York [etc.]$cSpringer$d1950-$v280 500 1$3VAN00236842$aIntroduction to Real Analysis$91732519 606 $a26-XX$xReal functions [MSC 2020]$3VANC019778$2MF 606 $a28-XX$xMeasure and integration [MSC 2020]$3VANC019878$2MF 606 $a42-XX$xHarmonic analysis on Euclidean spaces [MSC 2020]$3VANC019851$2MF 606 $a46-XX$xFunctional analysis [MSC 2020]$3VANC019764$2MF 606 $a47-XX$xOperator theory [MSC 2020]$3VANC019759$2MF 606 $a54-XX$xGeneral topology [MSC 2020]$3VANC020587$2MF 610 $aBanach spaces$9KW:K 610 $aBounded variation$9KW:K 610 $aFourier series$9KW:K 610 $aFourier transform$9KW:K 610 $aFunctional Analysis$9KW:K 610 $aHilbert spaces$9KW:K 610 $aLebesgue Integration$9KW:K 610 $aLebesgue measure$9KW:K 610 $aOperator theory$9KW:K 610 $aOrthonormal bases$9KW:K 610 $aRandom measures$9KW:K 610 $aReal analysis$9KW:K 610 $aTopological vector spaces$9KW:K 620 $aCH$dCham$3VANL001889 700 1$aHeil$bChristopher$3VANV096281$0738473 712 $aSpringer $3VANV108073$4650 801 $aIT$bSOL$c20250613$gRICA 856 4 $uhttp://doi.org/10.1007/978-3-030-26903-6$zE-book ? Accesso al full-text attraverso riconoscimento IP di Ateneo, proxy e/o Shibboleth 899 $aBIBLIOTECA DEL DIPARTIMENTO DI MATEMATICA E FISICA$1IT-CE0120$2VAN08 912 $fN 912 $aVAN00126935 950 $aBIBLIOTECA DEL DIPARTIMENTO DI MATEMATICA E FISICA$d08DLOAD e-book 1622 $e08eMF1622 20200218 996 $aIntroduction to Real Analysis$91732519 997 $aUNICAMPANIA LEADER 02270nas 2200817-a 450 001 9910146489203321 005 20250917110127.0 011 $a1873-6491 035 $a(DE-599)ZDB2027253-4 035 $a(OCoLC)43323244 035 $a(CKB)954925561584 035 $a(CONSER)--2013242205 035 $a(DE-599)2027253-4 035 $a(EXLCZ)99954925561584 100 $a20000121b19882001 s-- - 101 0 $aeng 135 $aurmnu|||||||| 181 $ctxt$2rdacontent 182 $cc$2rdamedia 183 $acr$2rdacarrier 200 10$aJournal of substance abuse 210 $aNorwood, N.J. $cAblex Pub. Corp.$d©1988- 300 $aTitle from contents screen (viewed Feb. 6, 2007). 300 $aPublished: [New York] : Elsevier Science Inc., <2000>-2001. 311 08$a0899-3289 531 $aJ SUBST ABUSE 531 $aJ SUBST A 606 $aSubstance abuse$vPeriodicals 606 $aSubstance abuse$vPeriodicals 606 $aAlcoholism 606 $aObesity 606 $aAlcoholism 606 $aObesity 606 $aSmoking 606 $aAlcoholism$vPeriodicals 606 $aObesity$vPeriodicals 606 $aSmoking$vPeriodicals 606 $aPolytoxicomanie$xPériodiques 606 $aPolytoxicomanie$vPériodiques 606 $aAlcoolisme 606 $aObésité 606 $aTabagisme 606 $aalcoholism$2aat 606 $aObesity$2fast$3(OCoLC)fst01042738 606 $aAlcoholism$2fast$3(OCoLC)fst00804461 606 $aSubstance abuse$2fast$3(OCoLC)fst01136767 608 $aPeriodicals.$2fast 615 0$aSubstance abuse 615 0$aSubstance abuse 615 0$aAlcoholism. 615 0$aObesity. 615 2$aAlcoholism. 615 2$aObesity. 615 2$aSmoking. 615 2$aAlcoholism 615 2$aObesity 615 2$aSmoking 615 6$aPolytoxicomanie$xPériodiques. 615 6$aPolytoxicomanie 615 6$aAlcoolisme. 615 6$aObésité. 615 6$aTabagisme. 615 7$aalcoholism. 615 7$aObesity. 615 7$aAlcoholism. 615 7$aSubstance abuse. 676 $a616.86/005 906 $aJOURNAL 912 $a9910146489203321 996 $aJournal of substance abuse$91900482 997 $aUNINA